banner koha

Caracterização da fertilidade dos solos nas regiões canavieiras do Espírito Santo, Minas Gerais e Sul da Bahia (Registro n. 292264)

MARC details
000 -LÍDER
campo de controle de tamanho fixo 01189nac a22003377a 4500
001 - NÚMERO DE CONTROLE
campo de controle BR0202895
003 - IDENTIFICADOR DO NÚMERO DE CONTROLE
campo de controle BR-BrBNA
005 - DATA E HORÁRIO DA ÚLTIMA TRANSAÇÃO
campo de controle 20240105122656.0
008 - CAMPO DE DADOS FIXOS--INFORMAÇÃO GERAL
campo de controle de tamanho fixo 230509b bl.|||m| |||| 00| 0 por d
040 ## - FONTE DA CATALOGAÇÃO
Instituição da catalogação original BR-BrBNA
Idioma da catalogação por
Instituição que transcreveu o registro Biblioteca Nacional de Agricultura
072 ## - CÓDIGO DE CATEGORIA DE ASSUNTO
Código de Categoria de Assunto P33
090 ## - NÚMERO DE CHAMADA LOCAL
Número de chamada 0230 BR0202895
100 1# - ENTRADA PRINCIPAL--NOME PESSOAL
Nome pessoal Manhães, M.S.
100 1# - ENTRADA PRINCIPAL--NOME PESSOAL
Nome pessoal Bolsanello, J.
100 1# - ENTRADA PRINCIPAL--NOME PESSOAL
Nome pessoal Weber, H.
100 1# - ENTRADA PRINCIPAL--NOME PESSOAL
Nome pessoal Azeredo, D.F. de
110 1# - ENTRADA PRINCIPAL--NOME CORPORATIVO
Nome corporativo ou nome da jurisdição Universidade Federal Rural do Rio de Janeiro, Campos dos Goitacazes (Brasil). Campus "Dr. Leonel Miranda"
9 (RLIN) 11224
245 1# - TÍTULO
Título Caracterização da fertilidade dos solos nas regiões canavieiras do Espírito Santo, Minas Gerais e Sul da Bahia
260 3# - PUBLICAÇÃO, DISTRIBUIÇÃO, ETC.
Local de publicação, distribuição, etc. Campos dos Goitacazes, RJ (Brasil):
Data da publicação, distribuição, etc. 1998.
300 ## - DESCRIÇÃO FÍSICA
Extensão 32 p.
490 ## - TÍTULO DA SÉRIE
Título da série Boletim Técnico - Universidade Federal Rural do Rio de Janeiro (Brazil)
Número do volume ou designação sequencial da série no. 3
ISSN - International Standard Serial Number ISSN
500 ## - NOTA GERAL
Nota geral 13 ref.; 18 illus.; 18 tables; Summary (Pt)
650 ## - ASSUNTO--TERMO TÓPICO
Cabeçalho tópico ou nome geográfico CANA DE AÇÚCAR
650 ## - ASSUNTO--TERMO TÓPICO
Cabeçalho tópico ou nome geográfico QUÍMICA DO SOLO
650 ## - ASSUNTO--TERMO TÓPICO
Cabeçalho tópico ou nome geográfico FERTILIDADE DO SOLO
650 ## - ASSUNTO--TERMO TÓPICO
Cabeçalho tópico ou nome geográfico ESPÍRITO SANTO
650 ## - ASSUNTO--TERMO TÓPICO
Cabeçalho tópico ou nome geográfico MINAS GERAIS
650 ## - ASSUNTO--TERMO TÓPICO
Cabeçalho tópico ou nome geográfico BAHIA
909 ## -
-- 202312
-- Lúcia Elande
-- 55
-- Lúcia Elande
942 ## - ELEMENTOS DE ENTRADA ADICIONADOS (KOHA)
Fonte da classificação ou esquema de arquivamento na estante Classificação AGRIS
Ocultar no OPAC Não
Tipo de material Koha Monografia Seriada
Exemplares
Situação do descarte Fonte da classificação ou esquema de arquivamento na estante Situação física Não pode ser emprestado Coleção Biblioteca de origem Biblioteca atual Localização na estante Total de empréstimos Número de telefone completo Código de barras Data de último acesso Tipo de material Koha Fonte de aquisição
  Classificação AGRIS       Biblioteca Nacional de Agricultura - Binagri Biblioteca Nacional de Agricultura - Binagri Agrobase - Acervo Geral   0230 BR0202895 0230 BR0202895 18/12/2023 Monografia Seriada Portaria Interministerial nº 164/94

BINAGRI

Telefone: (61)3218-2567/2388/3357/2097 - binagri@agro.gov.br

Ministério da Agricultura e Pecuária , Esplanada dos Ministérios, Bloco D, Anexo B, Brasília/DF, CEP: 70.043-900